000 00310nam a2200133 i 4500
001 bg
100 1 _aRJABCEW, W. G.
245 0 _aMateriaƂy kwantowoj elektroniki /
_cW.G. Rjabcew.
260 _aMoskwa,
_c1972.
040 _cBPK
041 _apol
942 _cKS
008 s pl f |000 0 pol
999 _c15335
_d15335
856 _uhttp://koha.tu.koszalin.pl/cgi-bin/koha/opac-detail.pl?biblionumber=15335
_yKatalog online BPK